A helyőrség "megy" a klub marad
Elmentve itt :
| Szerző: | |
|---|---|
| Dokumentumtípus: | Cikk |
| Megjelent: |
1997-09-19
|
| Sorozat: | Délmagyarország
87 No. 219 |
| Kulcsszavak: | Szeged, Közművelődés művelődési otthon Szeged, Helyőrségi Művelődési Ház (Szeged), Szegedi Honvéd Kulturális Alapítvány |
| Online Access: | http://dmarchiv.bibl.u-szeged.hu/83036 |
| LEADER | 00583nab a2200157 i 4500 | ||
|---|---|---|---|
| 001 | delm83036 | ||
| 005 | 20191017124235.0 | ||
| 008 | 191017s1997 hu o 0|| hun d | ||
| 040 | |a SZTE Délmagyarország Archívum |b hun | ||
| 041 | |a hun | ||
| 100 | 1 | |a Fekete Sándor, V. | |
| 245 | 1 | 2 | |a A helyőrség "megy" a klub marad |h [elektronikus dokumentum] / |c Fekete Sándor, V. |
| 260 | |c 1997-09-19 | ||
| 300 | |a 4 | ||
| 490 | 0 | |a Délmagyarország |v 87 No. 219 | |
| 695 | |a Szeged, Közművelődés művelődési otthon Szeged, Helyőrségi Művelődési Ház (Szeged), Szegedi Honvéd Kulturális Alapítvány | ||